000
00332nam a2200133Ia 4500
008
240624s9999 xx 000 0 und d
041
_a
eng
082
_a
658.3 RAM
100
_a
RAMASWAMI N
245
_a
POWER BROKERS A FICTION ON INDUSTRIAL PS
260
_c
1998
_a
New Delhi
_b
Excel Books
300
_a
281 : cm. ; 21
365
_c
RS
999
_c
2453
_d
2453